| 000 | 00582nam a22002291c 4500 | ||
|---|---|---|---|
| 001 | a987674167 | ||
| 008 | 150727s2007 gw |||| 000u rus d | ||
| 020 |
_a9785948810478 _9978-5-94881-047-8 |
||
| 041 | _arus | ||
| 100 | 1 | _aAleksandrova, Natalja N. | |
| 245 | 0 | 0 |
_aNataĊĦa : _bmoi vospominanija |
| 264 |
_aMoskva : _bNovyj chronograf, _c2007 |
||
| 300 | _a358 S. | ||
| 600 | 0 | _aAleksandrova, Natalija N. | |
| 648 | 0 | _a1941-1952 | |
| 651 | 0 | _aRussland | |
| 651 | 0 | _aSowjetunion | |
| 655 | 0 | _aAutobiographie | |
| 942 | _cMG | ||
| 040 | _cRU-10907106 | ||
| 003 | RU-10907106 | ||
| 999 |
_c11152 _d11152 |
||